|
|
|
|
| LEADER |
00757nab a2200205 i 4500 |
| 001 |
acta16349 |
| 005 |
20260309144701.0 |
| 008 |
161015s2010 hu o 000 eng d |
| 022 |
|
|
|a 0001-6969
|
| 040 |
|
|
|a SZTE Egyetemi Kiadványok Repozitórium
|b hun
|
| 041 |
|
|
|a eng
|
| 100 |
1 |
|
|a Csörgő Sándor
|
| 245 |
1 |
0 |
|a Probabilistic approach to limit theorems for the St. Petersburg Game
|h [elektronikus dokumentum] /
|c Csörgő Sándor
|
| 260 |
|
|
|a Bolyai Institute, University of Szeged
|b Szeged
|c 2010
|
| 300 |
|
|
|a 233-350
|
| 490 |
0 |
|
|a Acta scientiarum mathematicarum
|v 76 No. 1-2
|
| 650 |
|
4 |
|a Természettudományok
|
| 650 |
|
4 |
|a Matematika
|
| 695 |
|
|
|a Matematika
|
| 856 |
4 |
0 |
|u http://acta.bibl.u-szeged.hu/16349/1/math_076_numb_001_002_233-350.pdf
|z Dokumentum-elérés
|